<?xml version="1.0" encoding="UTF-8"?>
<record
    xmlns:xsi="http://www.w3.org/2001/XMLSchema-instance"
    xsi:schemaLocation="http://www.loc.gov/MARC21/slim http://www.loc.gov/standards/marcxml/schema/MARC21slim.xsd"
    xmlns="http://www.loc.gov/MARC21/slim">

  <leader>00872nam0a22002411  4500</leader>
  <controlfield tag="001">rc\259963</controlfield>
  <controlfield tag="005">20250621024846.0</controlfield>
  <datafield tag="010" ind1=" " ind2=" ">
    <subfield code="a">5-253-00162-X</subfield>
    <subfield code="9">500000</subfield>
  </datafield>
  <datafield tag="035" ind1=" " ind2=" ">
    <subfield code="a">(NLR Aleph) 005533056</subfield>
  </datafield>
  <datafield tag="090" ind1=" " ind2=" ">
    <subfield code="a">5629959</subfield>
    <subfield code="c">5629959</subfield>
  </datafield>
  <datafield tag="100" ind1=" " ind2=" ">
    <subfield code="a">20030307d1990    |||y0rusy50      ca</subfield>
  </datafield>
  <datafield tag="101" ind1="0" ind2=" ">
    <subfield code="a">rus</subfield>
  </datafield>
  <datafield tag="102" ind1=" " ind2=" ">
    <subfield code="a">RU</subfield>
  </datafield>
  <datafield tag="105" ind1=" " ind2=" ">
    <subfield code="a">a   |||||||||</subfield>
  </datafield>
  <datafield tag="200" ind1="1" ind2=" ">
    <subfield code="a">&#x411;&#x440;&#x438;&#x442;&#x432;&#x430; &#x432; &#x43A;&#x438;&#x441;&#x435;&#x43B;&#x435;</subfield>
    <subfield code="e">&#x418;&#x437;&#x431;&#x440;. &#x43F;&#x440;&#x43E;&#x438;&#x437;&#x432;&#x435;&#x434;&#x435;&#x43D;&#x438;&#x44F;</subfield>
    <subfield code="f">&#x410;&#x440;&#x43A;&#x430;&#x434;&#x438;&#x439; &#x410;&#x432;&#x435;&#x440;&#x447;&#x435;&#x43D;&#x43A;&#x43E;</subfield>
    <subfield code="g">[&#x421;&#x43E;&#x441;&#x442;., &#x432;&#x441;&#x442;&#x443;&#x43F;. &#x441;&#x442;., &#x441;.5-24 &#x438; &#x43F;&#x440;&#x438;&#x43C;&#x435;&#x447;. &#x421;.&#x421;. &#x41D;&#x438;&#x43A;&#x43E;&#x43D;&#x435;&#x43D;&#x43A;&#x43E;</subfield>
    <subfield code="g">&#x418;&#x43B;&#x43B;&#x44E;&#x441;&#x442;&#x440;&#x430;&#x446;&#x438;&#x438; &#x415;.&#x41E;. &#x412;&#x435;&#x434;&#x435;&#x440;&#x43D;&#x438;&#x43A;&#x43E;&#x432;&#x430;]</subfield>
  </datafield>
  <datafield tag="210" ind1=" " ind2=" ">
    <subfield code="a">&#x41C;.</subfield>
    <subfield code="c">&#x41F;&#x440;&#x430;&#x432;&#x434;&#x430;</subfield>
    <subfield code="d">1990</subfield>
  </datafield>
  <datafield tag="215" ind1=" " ind2=" ">
    <subfield code="a">475, [1] &#x441;.</subfield>
    <subfield code="c">&#x438;&#x43B;.</subfield>
    <subfield code="d">20</subfield>
  </datafield>
  <datafield tag="700" ind1=" " ind2="1">
    <subfield code="a">&#x410;&#x432;&#x435;&#x440;&#x447;&#x435;&#x43D;&#x43A;&#x43E;</subfield>
    <subfield code="b">&#x410;.&#x422;.</subfield>
    <subfield code="f">1881-1925</subfield>
    <subfield code="g">&#x410;&#x440;&#x43A;&#x430;&#x434;&#x438;&#x439; &#x422;&#x438;&#x43C;&#x43E;&#x444;&#x435;&#x435;&#x432;&#x438;&#x447;</subfield>
  </datafield>
  <datafield tag="801" ind1=" " ind2="0">
    <subfield code="a">RU</subfield>
    <subfield code="b">NLR</subfield>
    <subfield code="g">psbo</subfield>
  </datafield>
  <datafield tag="801" ind1=" " ind2="1">
    <subfield code="a">RU</subfield>
    <subfield code="b">ELAR</subfield>
    <subfield code="2">rusmarc</subfield>
  </datafield>
  <datafield tag="852" ind1=" " ind2=" ">
    <subfield code="a">NLR</subfield>
    <subfield code="j">90-3/10622</subfield>
  </datafield>
  <datafield tag="942" ind1=" " ind2=" ">
    <subfield code="c">BOOK</subfield>
  </datafield>
  <datafield tag="980" ind1=" " ind2=" ">
    <subfield code="a">NB</subfield>
  </datafield>
  <datafield tag="995" ind1=" " ind2=" ">
    <subfield code="5">2013-10-26</subfield>
    <subfield code="b">NLR01</subfield>
    <subfield code="c">NLR01</subfield>
    <subfield code="e">RF9</subfield>
    <subfield code="f">5533056-10</subfield>
    <subfield code="k">90-3/10622</subfield>
    <subfield code="o">0</subfield>
    <subfield code="r">BOOK</subfield>
    <subfield code="s">90310622_</subfield>
  </datafield>
  <datafield tag="995" ind1=" " ind2=" ">
    <subfield code="5">2014-03-14</subfield>
    <subfield code="a">az</subfield>
    <subfield code="b">NLR02</subfield>
    <subfield code="c">NLR02</subfield>
    <subfield code="e">NZ2</subfield>
    <subfield code="f">1-334450</subfield>
    <subfield code="k">&#x41D;&#x437;  &#x428;6(2=&#x420;)/&#x410;-196</subfield>
    <subfield code="o">0</subfield>
    <subfield code="r">BOOK</subfield>
    <subfield code="s">_62196</subfield>
  </datafield>
  <datafield tag="995" ind1=" " ind2=" ">
    <subfield code="5">2015-08-12</subfield>
    <subfield code="a">au</subfield>
    <subfield code="b">NLR03</subfield>
    <subfield code="c">NLR03</subfield>
    <subfield code="e">UJZ</subfield>
    <subfield code="f">1-1002984</subfield>
    <subfield code="k">&#x42E; &#x428;6(2=&#x420;)6/&#x410;-19</subfield>
    <subfield code="o">0</subfield>
    <subfield code="r">BOOK</subfield>
    <subfield code="s">_62619</subfield>
  </datafield>
</record>
